Historia moderna / (Record no. 80154)

MARC details
000 -LEADER
campo de control de longitud fija 00680nam a2200217 i 4500
001 - NÚMERO DE CONTROL
campo de control 80154
003 - IDENTIFICADOR DE NÚMERO DE CONTROL
campo de control ES-MaACL
005 - FECHA Y HORA DE LA ÚLTIMA TRANSACCIÓN
campo de control 20250925165339.0
007 - CAMPO FIJO DE DESCRIPCIÓN FÍSICA--INFORMACIÓN GENERAL
campo de control de longitud fija t|
008 - DATOS DE LONGITUD FIJA--INFORMACIÓN GENERAL
campo de control de longitud fija 041026s1980 sp ||||1| spa d
245 00 - MENCIÓN DEL TÍTULO
Título Historia moderna /
Mención de responsabilidad, etc. M.B. Benassar ... [et al.] ; [traducción, Dolores Fonseca, Ana Clara Guerrero].
260 ## - PUBLICACIÓN, DISTRIBUCIÓN, ETC.
Lugar de publicación, distribución, etc. [Madrid] :
Nombre del editor, distribuidor, etc. Akal,
Fecha de publicación, distribución, etc. [1980]
300 ## - DESCRIPCIÓN FÍSICA
Extensión 1068 p. ;
Dimensiones 23 cm.
490 1# - MENCIÓN DE SERIE
Mención de serie Akal/textos
700 1# - ENTRADA AGREGADA--NOMBRE PERSONAL
Nombre de persona Bennassar, Bartolomé,
Fechas asociadas al nombre 1929-
9 (RLIN) 27727
700 1# - ENTRADA AGREGADA--NOMBRE PERSONAL
Nombre de persona Fonseca, Dolores.
9 (RLIN) 51518
700 1# - ENTRADA AGREGADA--NOMBRE PERSONAL
Nombre de persona Guerrero, Ana Clara.
9 (RLIN) 60533
830 00 - PUNTO DE ACCESO ADICIONAL DE SERIE-TÍTULO UNIFORME
Título uniforme Akal/Textos
9 (RLIN) 231480
852 ## - LOCALIZACIÓN
Ubicación ES-MaACL
Número de control de estantería C-52331
Sublocalización o colección R.100511
Holdings
Estatus retirado Estado de pérdida Estado de daño No para préstamo Biblioteca de origen Biblioteca actual Ubicación en estantería Fecha de adquisición Fuente de adquisición Total de préstamos Signatura topográfica completa Código de barras Visto por última vez Precio de reemplazo Tipo de ítem Koha
        Biblioteca del Ateneo de Madrid Biblioteca del Ateneo de Madrid Depósito 2 17/01/2008     C-52331 1083804 23/02/2023 23/02/2023 Libro impreso